000 00319nam a2200121Ia 4500
008 220204s9999 xx 000 0 und d
082 _a657.64
_bBAT
100 _aBatliboi, Jamshed R
245 0 _aPrinciples and practice of auditing
260 _aBombay
_bStandard Accountancy
_c1966
650 _aAuditing
942 _cBK
999 _c21846
_d21846